=LDR 00000nam 2200000 4500 =001 INLIS000000000021867 =005 20130612120701 =008 ***********************************Ind** =035 ##$$0010-061300000021867 =041 ##$$a Ind =082 ##$$a 2x9 =090 ##$$a 2x9, Aya k =100 ##$$a Ayatiullah, Sayyid Mahdi =245 ##$$a Kisah-kisah manusia suci, Sayyid Mahdi Ayatullah =260 ##$$a 2005 $b Jakarta =300 ##$$a 460 hlm, 18 cm =650 ##$$a Sejarah islam =850 ##$$a NBPNMAT